Бухгалтерский и налоговый учет: учебник

Podrobná bibliografie
Hlavní autor: Вещунова Н.Л. Наталья Леонидовна
Shrnutí:В третьем издании учебника изложен действующий порядок учета в соответствии с Планом счетов бухгалтерского учета финансово-хозяйственной деятельности организаций и нормативными документами, регламентирующими ведение учета по конкретным его участкам. Система бухгалтерского учета взаимоувязана с системой налогообложения. По всем разделам учета приведен порядок налогообложения соответствующих объектов. Рассмотрена в целом система налогообложения коммерческих организаций. Учебник призван оказать помощь обучающимся в освоении теоретических основ бухгалтерского учета и в практической его организации. Для студентов вузов и средних специальных учебных заведений, аспирантов, преподавателей, слушателей курсов подготовки и повышения квалификации бухгалтеров, а также практикующих бухгалтеров и финансовых работников.
Jazyk:ruština
Vydáno: Москва, Проспект, 2011
Vydání:3-е изд., перераб. и доп.
Témata:
Médium: Kniha
KOHA link:https://koha.lib.tpu.ru/cgi-bin/koha/opac-detail.pl?biblionumber=183820

MARC

LEADER 00000nam0a2200000 4500
001 183820
005 20231101223807.0
010 |a 9785392016853 
010 |a 978-5-392-01899-4 
035 |a (RuTPU)RU\TPU\book\199282 
090 |a 183820 
100 |a 20100823d2011 m y0rusy50 ca 
101 0 |a rus 
102 |a RU 
105 |a y j 000zy 
200 1 |a Бухгалтерский и налоговый учет  |e учебник  |f Н.Л. Вещунова 
205 |a 3-е изд., перераб. и доп. 
210 |a Москва  |c Проспект  |d 2011 
215 |a 848 с. 
330 |a В третьем издании учебника изложен действующий порядок учета в соответствии с Планом счетов бухгалтерского учета финансово-хозяйственной деятельности организаций и нормативными документами, регламентирующими ведение учета по конкретным его участкам. Система бухгалтерского учета взаимоувязана с системой налогообложения. По всем разделам учета приведен порядок налогообложения соответствующих объектов. Рассмотрена в целом система налогообложения коммерческих организаций. Учебник призван оказать помощь обучающимся в освоении теоретических основ бухгалтерского учета и в практической его организации. Для студентов вузов и средних специальных учебных заведений, аспирантов, преподавателей, слушателей курсов подготовки и повышения квалификации бухгалтеров, а также практикующих бухгалтеров и финансовых работников. 
606 1 |a Бухгалтерский учет  |2 stltpush  |3 (RuTPU)RU\TPU\subj\30744  |9 53805 
606 1 |a Налоговый учет  |2 stltpush  |3 (RuTPU)RU\TPU\subj\67767  |9 83433 
610 1 |a экономика 
610 1 |a организационно-правовые формы 
610 1 |a организации 
610 1 |a нормативное регулирование 
610 1 |a денежные средства 
610 1 |a денежные документы 
610 1 |a финансовые вложения 
610 1 |a ценные бумаги 
610 1 |a долгосрочные инвестиции 
610 1 |a основные средства 
610 1 |a нематериальные активы 
610 1 |a НИОКР 
610 1 |a производственные запасы 
610 1 |a оплата труда 
610 1 |a единый социальный налог 
610 1 |a страховые взносы 
610 1 |a социальное страхование 
610 1 |a пенсионное страхование 
610 1 |a затраты на производство 
610 1 |a готовая продукция 
610 1 |a управленческий учет 
610 1 |a финансовый учет 
610 1 |a продажи 
610 1 |a налоги 
610 1 |a налогообложение 
610 1 |a НДС 
610 1 |a налог на добавленную стоимость 
610 1 |a акцизы 
610 1 |a таможенные платежи 
610 1 |a налог на прибыль организаций 
610 1 |a иностранные организации 
610 1 |a налог на доходы физических лиц 
610 1 |a транспортный налог 
610 1 |a налог на имущество организаций 
610 1 |a земельный налог 
610 1 |a налог на добычу полезных ископаемых 
610 1 |a природные ресурсы 
610 1 |a лесные подати 
610 1 |a водный налог 
610 1 |a налог на игорный бизнес 
610 1 |a налоговые режимы 
610 1 |a единый налог на вмененный доход 
610 1 |a кредиты 
610 1 |a займы 
610 1 |a банки 
610 1 |a капитал 
610 1 |a финансовые результаты 
610 1 |a отчетность 
610 1 |a бухгалтерские проводки 
610 1 |a учебники 
675 |a 657.22(075.8)  |v 3 
700 1 |a Вещунова  |b Н.Л.  |g Наталья Леонидовна 
801 1 |a RU  |b 63413507  |c 20100823 
801 2 |a RU  |b 63413507  |c 20160113  |g RCR 
900 |a Бухгалтерский учет 
942 |c BK 
959 |a 50/20100823  |d 2  |e 325,00  |f АНЛ:1  |f ЧЗГЛ:1 
959 |a 81/20101108  |d 5  |e 0  |f Ф_ТПУ_Новокузнецк:5